The Wealth of Nations
Enregistré dans:
| Auteur principal: | |
|---|---|
| Format: | Livre |
| Publié: |
True Sign Publishing House
|
| Sujets: | |
| Tags: |
Pas de tags, Soyez le premier à ajouter un tag!
|
MARC
| LEADER | 00000nam a2200000Ia 4500 | ||
|---|---|---|---|
| 005 | 20260427112720.0 | ||
| 526 | |b Economics | ||
| 100 | |a Adam Smith | ||
| 020 | |a 9789355840066 | ||
| 650 | |a Classical Economics | ||
| 526 | |a Bachelors | ||
| 942 | |c BK | ||
| 245 | |a The Wealth of Nations | ||
| 260 | |b True Sign Publishing House | ||
| 999 | |c 104 |d 104 | ||
| 952 | |0 0 |1 0 |4 0 |7 0 |8 1 |a BRISTOL |b BRISTOL |d 2026-04-22 |l 0 |p 000024 |r 2026-04-27 11:27:20 |w 2026-04-27 |y BK | ||